Managing complex systems : thinking outside the box

Gespeichert in:
Bibliographische Detailangaben
1. Verfasser:  Eisner, Howard
Format: Sách
Sprache:Undetermined
Veröffentlicht:  Wiley-Interscience  2005
Schlagworte:
Tags: Tag hinzufügen
Keine Tags, Fügen Sie den ersten Tag hinzu!
Thư viện lưu trữ: Trung tâm Thư viện - Trường Đại học Công nghiệp TP. Hồ Chí Minh
LEADER 00536nam a2200157Ia 4500
001 UIH_07541
008 231011s9999 xx 000 0 und d
082 |a  658.404 
100 |a  Eisner, Howard 
245 0 |a  Managing complex systems : thinking outside the box 
245 0 |c  Eisner, Howard 
260 |b  Wiley-Interscience 
260 |c  2005 
650 |a  Hệ thống kỹ thuật; Quản lý dự án;  
927 |a Sách 
980 |a Trung tâm Thư viện - Trường Đại học Công nghiệp TP. Hồ Chí Minh